000 00485nam a22001817a 4500
003 LK-CoMWRAF
005 20231028185153.0
008 231028b1996 |||||||| |||| 00| 0 eng d
040 _aLK-CoMWRAF
_dLK-CoMWRAF
_eLK-CoMWRAF
041 _aeng
082 _bOSM
100 _aOsamn, Fathi
245 _aMuslim women: 
_bin the family and the society
260 _a[Kuala Lumpur]:
_b SIS Forum Malaysia Berhad,
_c1996
300 _a56 p. 21cm
650 _aMUSLIM WOMEN
942 _cBK
999 _c4036
_d4036